| 000 | 00370nam a2200157Ia 4500 | ||
|---|---|---|---|
| 008 | 230917s9999||||xx |||||||||||||| ||und|| | ||
| 020 | _cPOU7.5 | ||
| 040 |
_e7904 _aMAIN |
||
| 041 | _aEnglish | ||
| 082 | _a380.5 B241T | ||
| 100 | _aBarke, Michael | ||
| 245 | 0 | _aTransport and trade | |
| 260 |
_aEdinburgh _bOliver & Boyd _c1986 |
||
| 300 | _avi, 249 p. | ||
| 942 | _cBK | ||
| 999 |
_c54298 _d54298 |
||